Meranie kreditného rizika korporátnych klientov

Dôležitosť správnej identifikácie a merania kreditného rizika v bankách na úrovni jednotlivých úverových obchodov pre klientov SME a veľké a nadnárodné spoločnosti. Podstatu tvorí používanie externých ratingov vypracovaných ratingovými agentúrami a interných ratingov zostavených na základe vnútroban...

Description complète

Enregistré dans:
Détails bibliographiques
Auteur principal: Škodová, Lenka
Format: Chapitre de livre
Langue:slovaque
Sujets:
Tags: Ajouter un tag
Pas de tags, Soyez le premier à ajouter un tag!

MARC

LEADER 00000nla a2200000 4500
001 0229329
005 20260205065954.1
041 0 |a slo 
044 |a SK 
245 1 0 |a Meranie kreditného rizika korporátnych klientov  |c Lenka Škodová 
520 |a Dôležitosť správnej identifikácie a merania kreditného rizika v bankách na úrovni jednotlivých úverových obchodov pre klientov SME a veľké a nadnárodné spoločnosti. Podstatu tvorí používanie externých ratingov vypracovaných ratingovými agentúrami a interných ratingov zostavených na základe vnútrobankových smerníc a štandardov. Dôležitosť úverového ratingu spočíva v identifikácii finančného zdravia spoločnosti, ktorá je alebo má byť financovaná bankou, ale taktiež ho môžeme zaradiť ako indikátor. 
610 2 0 |a riziko úverové 
610 2 0 |a rating úverový 
610 2 0 |a diagnostika podniková 
610 2 0 |a zdravie podniku finančné 
100 1 |a Škodová, Lenka